[Event "Aut_chT1112"]
[Site "Jenbach"]
[Date "2012.04.20"]
[Round "9"]
[Board "6"]
[White "Weinzettl, Ernst"]
[Black "Schachinger, Mario"]
[Result "0-1"]
[WhiteElo "2301"]
[BlackElo "2391"]
[PlyCount "130"]
[EventDate "2012.01.20"]
[EventType "team"]
[EventRounds "11"]
[EventCountry "AUT"]
[WhiteTeam "ASVOE Poechlarn/Mauerbach"]
[BlackTeam "SK MPOE Maria Saal"]

1. e4 c6 2. d4 d5 3. exd5 cxd5 4. c4 Nf6 5. Nc3 Nc6 6. Bg5 Ne4 7. Be3 Nxc3 8.
bxc3 e5 9. Nf3 exd4 10. Nxd4 Nxd4 11. Qxd4 Be6 12. Rb1 dxc4 13. Qxd8+ Rxd8 14.
Rxb7 Be7 15. Be2 Bf6 16. O-O O-O 17. Rc1 a5 18. h3 Rb8 19. Rc7 Rfc8 20. Rxc8+
Rxc8 21. Bg4 Rb8 22. Rd1 Rb2 23. a4 Ra2 24. Rb1 h6 25. Bd4 Bxd4 26. cxd4 c3 27.
Rb8+ Kh7 28. Bxe6 fxe6 29. Rc8 c2 30. Kh2 Rxa4 31. Rxc2 Rxd4 32. Rc6 Re4 33.
Ra6 Re5 34. f4 Rf5 35. g3 Kg6 36. Rxe6+ Rf6 37. Re4 Ra6 38. Ra4 Kf6 39. g4 Ke6
40. Kg3 Kd5 41. Kh4 Kc5 42. Kh5 Kb5 43. Ra1 a4 44. f5 Kb4 45. h4 a3 46. g5 hxg5
47. hxg5 Kb3 48. Rb1+ Kc2 49. Rg1 a2 50. Rg2+ Kb3 51. Rg1 Kb2 52. Rg2+ Ka3 53.
Rg1 Rb6 54. f6 gxf6 55. g6 Rb1 56. Rg3+ Kb4 57. g7 a1=Q 58. Rg4+ Ka5 59. g8=Q
Rb5+ 60. Kg6 Qb1+ 61. Kg7 Rb7+ 62. Kh6 Qc1+ 63. Kg6 Qc2+ 64. Kh6 Qd2+ 65. Kh5
Rb5+ 0-1

[Event "Aut_chT1112"]
[Site "Jenbach"]
[Date "2012.04.21"]
[Round "10"]
[Board "1"]
[White "Rapport, Richard"]
[Black "Tuncer, Ufuk"]
[Result "1-0"]
[WhiteElo "2559"]
[BlackElo "2287"]
[PlyCount "121"]
[EventDate "2012.01.20"]
[EventType "team"]
[EventRounds "11"]
[EventCountry "AUT"]
[WhiteTeam "SK Sparkasse Fuerstenfeld"]
[BlackTeam "ASVOE Poechlarn/Mauerbach"]

1. d4 Nf6 2. c4 g6 3. Nc3 Bg7 4. e4 d6 5. Nge2 O-O 6. Ng3 Nc6 7. d5 Nb4 8. Be2
a5 9. Bg5 h6 10. Be3 h5 11. f3 h4 12. Nf1 Nh7 13. Nd2 b6 14. h3 e5 15. a3 Na6
16. b4 Bf6 17. Nb3 Bg5 18. Bf2 Bf4 19. Kf1 Qg5 20. Qe1 Bg3 21. Bxg3 hxg3 22. b5
Nb8 23. Bd1 f5 24. h4 Qh6 25. Qxg3 f4 26. Qf2 Nd7 27. Ke2 Ndf6 28. Kd3 g5 29.
Nd2 g4 30. fxg4 Nxg4 31. Bxg4 Bxg4 32. Nf3 Nf6 33. h5 Rf7 34. Rh4 Rg7 35. Rg1
Rf8 36. Rhh1 Qh7 37. Qe1 Nxh5 38. Rh4 Qg6 39. Rgh1 Kf7 40. Nb1 Ke8 41. Nbd2 Kd8
42. R1h2 Kc8 43. c5 bxc5 44. Rxg4 Qxg4 45. Nc4 Nf6 46. Qxa5 Kd8 47. Nxd6 Rd7
48. Nb7+ Ke7 49. Nxc5 Qg6 50. Nxe5 Qg3+ 51. Nf3 Qf2 52. Nd4 Qg3+ 53. Kc4 Qxh2
54. e5 Nxd5 55. Nxd7 Ne3+ 56. Kc5 Qxg2 57. Nf6 Qb7 58. Nc6+ Kf7 59. Nd7 Re8 60.
Qa4 Ke6 61. Qb3+ 1-0

[Event "Aut_chT1112"]
[Site "Jenbach"]
[Date "2012.04.21"]
[Round "10"]
[Board "2"]
[White "Graf, Felix"]
[Black "Hera, Imre"]
[Result "1-0"]
[WhiteElo "2378"]
[BlackElo "2555"]
[PlyCount "75"]
[EventDate "2012.01.20"]
[EventType "team"]
[EventRounds "11"]
[EventCountry "AUT"]
[WhiteTeam "ASVOE Poechlarn/Mauerbach"]
[BlackTeam "SK Sparkasse Fuerstenfeld"]

1. d4 Nf6 2. c4 e6 3. Nf3 b6 4. a3 Bb7 5. Nc3 d5 6. cxd5 Nxd5 7. Qc2 Be7 8. e4
Nxc3 9. bxc3 O-O 10. Bd3 c5 11. O-O Qc7 12. Qe2 Nd7 13. Bd2 Rac8 14. a4 Nb8 15.
Rfb1 Rfd8 16. a5 Nc6 17. axb6 axb6 18. Ra4 Na5 19. h4 h6 20. h5 Qd7 21. Ra2 Qc7
22. Rab2 cxd4 23. cxd4 Nc4 24. Rc2 Nxd2 25. Rxc7 Nxf3+ 26. Qxf3 Rxc7 27. d5 Bc5
28. Qf4 Re7 29. Ra1 exd5 30. exd5 Bc8 31. Ra8 Re1+ 32. Kh2 Ree8 33. Qf3 Bb7 34.
Ra7 Bxd5 35. Qf5 g6 36. hxg6 Re5 37. gxf7+ Kf8 38. Qg6 1-0

[Event "Aut_chT1112"]
[Site "Jenbach"]
[Date "2012.04.21"]
[Round "10"]
[Board "3"]
[White "Pinter, Jozsef"]
[Black "Kostic, Vladimir"]
[Result "1/2-1/2"]
[WhiteElo "2548"]
[BlackElo "2424"]
[PlyCount "122"]
[EventDate "2012.01.20"]
[EventType "team"]
[EventRounds "11"]
[EventCountry "AUT"]
[WhiteTeam "SK Sparkasse Fuerstenfeld"]
[BlackTeam "ASVOE Poechlarn/Mauerbach"]

1. d4 Nf6 2. c4 d6 3. Nc3 g6 4. e4 Bg7 5. Bd3 O-O 6. Nge2 e5 7. d5 Nbd7 8. Ng3
Nc5 9. Bc2 a5 10. Rb1 Bd7 11. b3 Qe8 12. h3 b6 13. O-O Kh8 14. Be3 Ng8 15. Qd2
Qe7 16. a3 Qe8 17. b4 Nb7 18. Nge2 Qe7 19. Nb5 Rfc8 20. Nec3 Nd8 21. Rfc1 f5
22. exf5 gxf5 23. f4 Nf7 24. Re1 axb4 25. axb4 Qh4 26. Rf1 Ne7 27. c5 bxc5 28.
bxc5 dxc5 29. Bxc5 Ng6 30. fxe5 Bxe5 31. Bd4 Nd6 32. Rfe1 Bxd4+ 33. Qxd4+ Qxd4+
34. Nxd4 Ra5 35. Bb3 Rb8 36. Rec1 Nf4 37. Rd1 Rg8 38. Rd2 Nxh3+ 39. Kh2 Ng5 40.
Ne6 Ra7 41. Rc1 Rg6 42. Re2 Ra8 43. Nf4 Rh6+ 44. Kg1 Rh4 45. Rf1 Rg8 46. Re3
Nde4 47. d6 Rc8 48. dxc7 Rxc7 49. Nxe4 fxe4 50. Nd5 Rc5 51. Nf6 Bb5 52. Ra1 Rc8
53. Rg3 h6 54. Ng4 Rc5 55. Rd1 Kg7 56. Rd8 Rf5 57. Ne3 Rc5 58. Ng4 Rf5 59. Ne3
Rc5 60. Ng4 Rf5 61. Ne3 Rc5 1/2-1/2

[Event "Aut_chT1112"]
[Site "Jenbach"]
[Date "2012.04.21"]
[Round "10"]
[Board "4"]
[White "Weinzettl, Ernst"]
[Black "Schenk, Andreas"]
[Result "1/2-1/2"]
[WhiteElo "2301"]
[BlackElo "2499"]
[PlyCount "59"]
[EventDate "2012.01.20"]
[EventType "team"]
[EventRounds "11"]
[EventCountry "AUT"]
[WhiteTeam "ASVOE Poechlarn/Mauerbach"]
[BlackTeam "SK Sparkasse Fuerstenfeld"]

1. e4 e6 2. d4 d5 3. Nd2 c5 4. exd5 Qxd5 5. dxc5 Bxc5 6. Ngf3 Nf6 7. Bc4 Qc6 8.
Qe2 Nbd7 9. O-O a6 10. Nb3 b5 11. Nxc5 Nxc5 12. Ne5 Qc7 13. Bb3 Nfe4 14. Nd3
Bb7 15. Bf4 Qe7 16. f3 Nxd3 17. Qxd3 Rd8 18. Qe3 Nc5 19. Be5 O-O 20. Bd4 Nxb3
21. axb3 Rc8 22. c3 Rfe8 23. Rfe1 Qh4 24. Qf2 Qg5 25. Qg3 h6 26. b4 f6 27. Qxg5
hxg5 28. Kf2 Kf7 29. Bc5 Red8 30. Red1 1/2-1/2

[Event "Aut_chT1112"]
[Site "Jenbach"]
[Date "2012.04.21"]
[Round "10"]
[Board "5"]
[White "Kuba, Guenter"]
[Black "Penz, Harald"]
[Result "1-0"]
[WhiteElo "2384"]
[BlackElo "2349"]
[PlyCount "71"]
[EventDate "2012.01.20"]
[EventType "team"]
[EventRounds "11"]
[EventCountry "AUT"]
[WhiteTeam "SK Sparkasse Fuerstenfeld"]
[BlackTeam "ASVOE Poechlarn/Mauerbach"]

1. e4 e5 2. Nf3 Nf6 3. Nxe5 d6 4. Nf3 Nxe4 5. Nc3 Nxc3 6. dxc3 Be7 7. Be3 O-O
8. Qd2 Nc6 9. O-O-O Be6 10. Kb1 Ne5 11. Nd4 Nc4 12. Qd3 Nxe3 13. Nxe6 fxe6 14.
Qxe3 e5 15. Bd3 c6 16. h4 Qc7 17. Qe4 g6 18. h5 Rf4 19. Qe3 g5 20. g3 Rf7 21.
c4 Qb6 22. c5 Qxc5 23. Qxc5 dxc5 24. Bc4 Kf8 25. Bxf7 Kxf7 26. Rd7 Rb8 27. Rhd1
Ke6 28. c4 h6 29. Rc7 Bf8 30. Rdd7 b5 31. Rxa7 Kf5 32. f3 g4 33. Rf7+ Kg5 34.
f4+ exf4 35. Rxf4 Re8 36. Raf7 1-0

[Event "Aut_chT1112"]
[Site "Jenbach"]
[Date "2012.04.21"]
[Round "10"]
[Board "1"]
[White "Lenic, Luka"]
[Black "Ragger, Markus"]
[Result "1/2-1/2"]
[WhiteElo "2637"]
[BlackElo "2654"]
[PlyCount "55"]
[EventDate "2012.01.20"]
[EventType "team"]
[EventRounds "11"]
[EventCountry "AUT"]
[WhiteTeam "SV Raika Rapid Feffernitz"]
[BlackTeam "SK MPOE Maria Saal"]

1. d4 Nf6 2. c4 e6 3. Nf3 d5 4. Nc3 dxc4 5. e4 Bb4 6. Bg5 h6 7. Bxf6 Qxf6 8. e5
Qd8 9. Bxc4 c5 10. d5 exd5 11. Bxd5 O-O 12. O-O Bxc3 13. bxc3 Qc7 14. Qb3 Nc6
15. Rfe1 Bg4 16. Rad1 Rae8 17. h3 Bxf3 18. Bxf3 Rxe5 19. Rxe5 Nxe5 20. Qxb7
Nxf3+ 21. Qxf3 Rd8 22. Rxd8+ Qxd8 23. Qc6 Qe7 24. Qc8+ Kh7 25. Qf5+ Kg8 26.
Qc8+ Kh7 27. Qf5+ Kg8 28. Qc8+ 1/2-1/2

[Event "Aut_chT1112"]
[Site "Jenbach"]
[Date "2012.04.21"]
[Round "10"]
[Board "2"]
[White "Buhmann, Rainer"]
[Black "Sebenik, Matej"]
[Result "1/2-1/2"]
[WhiteElo "2614"]
[BlackElo "2529"]
[PlyCount "64"]
[EventDate "2012.01.20"]
[EventType "team"]
[EventRounds "11"]
[EventCountry "AUT"]
[WhiteTeam "SK MPOE Maria Saal"]
[BlackTeam "SV Raika Rapid Feffernitz"]

1. Nf3 d5 2. d4 Nf6 3. c4 dxc4 4. e3 Bg4 5. Bxc4 e6 6. h3 Bh5 7. Be2 a6 8. O-O
c5 9. dxc5 Qxd1 10. Rxd1 Bxc5 11. Nbd2 O-O 12. Nb3 Be7 13. Na5 b6 14. Nb3 Nbd7
15. Bd2 Rfc8 16. Rac1 Rxc1 17. Rxc1 Kf8 18. Kf1 Ke8 19. Bc3 Bf8 20. Ne5 Bxe2+
21. Kxe2 Nxe5 22. Bxe5 Nd7 23. Bc3 Rc8 24. Bd2 Kd8 25. Rxc8+ Kxc8 26. g4 h6 27.
Bc3 Kc7 28. Kd3 g6 29. f3 Kc6 30. Nd4+ Kc7 31. Nb3 Kc6 32. Nd4+ Kd5 1/2-1/2

[Event "Aut_chT1112"]
[Site "Jenbach"]
[Date "2012.04.21"]
[Round "10"]
[Board "3"]
[White "Okhotnik, Vladimir"]
[Black "Pavasovic, Dusko"]
[Result "1/2-1/2"]
[WhiteElo "2489"]
[BlackElo "2557"]
[PlyCount "61"]
[EventDate "2012.01.20"]
[EventType "team"]
[EventRounds "11"]
[EventCountry "AUT"]
[WhiteTeam "SV Raika Rapid Feffernitz"]
[BlackTeam "SK MPOE Maria Saal"]

1. e4 e5 2. Nf3 Nc6 3. Bc4 Nf6 4. d3 Be7 5. Nc3 d6 6. a3 O-O 7. h3 Be6 8. O-O
Qd7 9. Bg5 h6 10. Bxf6 Bxf6 11. Nd5 Bd8 12. Ne3 Ne7 13. c3 c6 14. d4 Bxc4 15.
Nxc4 Qe6 16. Ne3 Bb6 17. Qc2 Rad8 18. Rad1 Rfe8 19. dxe5 dxe5 20. Rxd8 Rxd8 21.
Rd1 Rxd1+ 22. Qxd1 f6 23. Qd3 Bxe3 24. Qxe3 Nc8 25. Qd3 Nd6 26. Nd2 Kf7 27. a4
a6 28. c4 b5 29. axb5 axb5 30. cxb5 cxb5 31. Nf1 1/2-1/2

[Event "Aut_chT1112"]
[Site "Jenbach"]
[Date "2012.04.21"]
[Round "10"]
[Board "5"]
[White "Diermair, Andreas"]
[Black "Kreisl, Robert"]
[Result "1/2-1/2"]
[WhiteElo "2416"]
[BlackElo "2400"]
[PlyCount "60"]
[EventDate "2012.01.20"]
[EventType "team"]
[EventRounds "11"]
[EventCountry "AUT"]
[WhiteTeam "SV Raika Rapid Feffernitz"]
[BlackTeam "SK MPOE Maria Saal"]

1. d4 d5 2. c4 e6 3. Nc3 c6 4. e4 dxe4 5. Nxe4 Bb4+ 6. Bd2 Qxd4 7. Bxb4 Qxe4+
8. Be2 Na6 9. Bd6 e5 10. Nf3 Bg4 11. O-O O-O-O 12. b4 Nf6 13. c5 Ne8 14. Bd3
Qf4 15. Bxe5 Qxb4 16. Rb1 Qa5 17. Qc2 Nxc5 18. Rb5 cxb5 19. Qxc5+ Nc7 20. Rc1
Rxd3 21. Bxc7 Rd1+ 22. Rxd1 Qxc7 23. Qxa7 Bxf3 24. gxf3 Qc2 25. Qd4 Kb8 26.
Qe5+ Ka7 27. Qe3+ Kb8 28. Qe5+ Ka7 29. Qe3+ Kb8 30. Qe5+ Ka7 1/2-1/2

[Event "Aut_chT1112"]
[Site "Jenbach"]
[Date "2012.04.21"]
[Round "10"]
[Board "6"]
[White "Halvax, Georg"]
[Black "Schreiner, Peter"]
[Result "1/2-1/2"]
[WhiteElo "2277"]
[BlackElo "2377"]
[PlyCount "59"]
[EventDate "2012.01.20"]
[EventType "team"]
[EventRounds "11"]
[EventCountry "AUT"]
[WhiteTeam "SK MPOE Maria Saal"]
[BlackTeam "SV Raika Rapid Feffernitz"]

1. e4 e5 2. Nf3 Nc6 3. Bb5 Nf6 4. O-O Nxe4 5. Re1 Nd6 6. Nxe5 Be7 7. Bf1 Nxe5
8. Rxe5 O-O 9. d4 Bf6 10. Re1 Nf5 11. c3 d5 12. Bf4 c6 13. Nd2 Nh4 14. Bd3 Bf5
15. Bxf5 Nxf5 16. Qg4 Nh4 17. Bg3 Qc8 18. Qxc8 Raxc8 19. Bxh4 Bxh4 20. Nf3 Bf6
21. Re2 Rfe8 22. Rae1 Kf8 23. Kf1 Rxe2 24. Kxe2 Re8+ 25. Kd3 Rxe1 26. Nxe1 Ke7
27. Nc2 h5 28. Ne3 Ke6 29. b3 g6 30. h3 1/2-1/2

[Event "Aut_chT1112"]
[Site "Jenbach"]
[Date "2012.04.21"]
[Round "10"]
[Board "2"]
[White "Kraemer, Martin"]
[Black "Gyimesi, Zoltan"]
[Result "1/2-1/2"]
[WhiteElo "2492"]
[BlackElo "2652"]
[PlyCount "47"]
[EventDate "2012.01.20"]
[EventType "team"]
[EventRounds "11"]
[EventCountry "AUT"]
[WhiteTeam "ASVOE Wulkaprodersdorf"]
[BlackTeam "SK Sparkasse Jenbach"]

1. d4 Nf6 2. c4 e6 3. Nc3 Bb4 4. Qc2 d5 5. cxd5 Qxd5 6. e3 c5 7. Bd2 Bxc3 8.
Bxc3 cxd4 9. Bxd4 Nc6 10. Bxf6 gxf6 11. Nf3 Bd7 12. Be2 Rc8 13. Qd2 Qxd2+ 14.
Kxd2 Ke7 15. Rac1 Rhd8 16. Rhd1 Nb4 17. Rxc8 Bxc8+ 18. Kc3 Nxa2+ 19. Kb3 Rxd1
20. Bxd1 Nc1+ 21. Kc2 Na2 22. Kb3 Nc1+ 23. Kc2 Na2 24. Kb3 1/2-1/2

[Event "Aut_chT1112"]
[Site "Jenbach"]
[Date "2012.04.21"]
[Round "10"]
[Board "3"]
[White "Schlosser, Philipp"]
[Black "Polzin, Rainer"]
[Result "1-0"]
[WhiteElo "2593"]
[BlackElo "2460"]
[PlyCount "91"]
[EventDate "2012.01.20"]
[EventType "team"]
[EventRounds "11"]
[EventCountry "AUT"]
[WhiteTeam "SK Sparkasse Jenbach"]
[BlackTeam "ASVOE Wulkaprodersdorf"]

1. Nf3 Nf6 2. g3 g6 3. Bg2 Bg7 4. c4 c5 5. d4 O-O 6. O-O cxd4 7. Nxd4 d5 8. Na3
Nc6 9. cxd5 Nxd5 10. Nxc6 bxc6 11. Qc2 Qb6 12. Nc4 Qa6 13. Bd2 Rb8 14. Rfc1 Be6
15. a3 Rfc8 16. Be1 c5 17. Rab1 Nc3 18. Bxc3 Qxc4 19. Qd2 Bxc3 20. Rxc3 Qa2 21.
Qc1 Bf5 22. e4 Be6 23. h4 c4 24. Bf3 Rb3 25. Bd1 Rbb8 26. h5 Rd8 27. Bc2 Rb6
28. hxg6 hxg6 29. Kg2 Rdb8 30. Qh6 Qxb1 31. Bxb1 Rxb2 32. Bc2 Ra2 33. Qc1 Rbb2
34. Kg1 Rb6 35. Kg2 Rbb2 36. Kf3 Kg7 37. Ke3 f6 38. f4 Bf7 39. g4 Rb8 40. Kf3
Rbb2 41. g5 Rb8 42. Kg3 Rbb2 43. Kg4 Rb5 44. f5 Rbb2 45. gxf6+ exf6 46. fxg6
1-0

[Event "Aut_chT1112"]
[Site "Jenbach"]
[Date "2012.04.21"]
[Round "10"]
[Board "4"]
[White "Schneider, Ilja"]
[Black "Bischoff, Klaus"]
[Result "1/2-1/2"]
[WhiteElo "2480"]
[BlackElo "2521"]
[PlyCount "60"]
[EventDate "2012.01.20"]
[EventType "team"]
[EventRounds "11"]
[EventCountry "AUT"]
[WhiteTeam "ASVOE Wulkaprodersdorf"]
[BlackTeam "SK Sparkasse Jenbach"]

1. Nf3 Nf6 2. c4 e6 3. g3 d5 4. d4 Bb4+ 5. Bd2 Bxd2+ 6. Qxd2 O-O 7. Bg2 Nbd7 8.
O-O c6 9. Qc2 b6 10. Nc3 Bb7 11. Rac1 Qe7 12. Rfe1 dxc4 13. Nd2 e5 14. e3 Qe6
15. Ne2 b5 16. a4 Rab8 17. b3 c5 18. bxc4 Bxg2 19. Kxg2 bxc4 20. Qxc4 Qxc4 21.
Nxc4 exd4 22. exd4 Rb4 23. dxc5 Nxc5 24. Ne5 Nxa4 25. Nc6 Re4 26. Nxa7 Rfe8 27.
Kf1 Nb2 28. Nc3 Rxe1+ 29. Rxe1 Rxe1+ 30. Kxe1 Nd3+ 1/2-1/2

[Event "Aut_chT1112"]
[Site "Jenbach"]
[Date "2012.04.21"]
[Round "10"]
[Board "5"]
[White "Boensch, Uwe"]
[Black "Thiede, Lars"]
[Result "1-0"]
[WhiteElo "2530"]
[BlackElo "2458"]
[PlyCount "93"]
[EventDate "2012.01.20"]
[EventType "team"]
[EventRounds "11"]
[EventCountry "AUT"]
[WhiteTeam "SK Sparkasse Jenbach"]
[BlackTeam "ASVOE Wulkaprodersdorf"]

1. d4 d6 2. Nf3 g6 3. c4 Bg7 4. e4 Bg4 5. Be2 c5 6. d5 a6 7. a4 Nf6 8. Nc3 O-O
9. O-O Nbd7 10. Bf4 Nh5 11. Bg5 Bf6 12. Bd2 e5 13. dxe6 fxe6 14. Bh6 Ng7 15.
Qxd6 Bxf3 16. Bxg7 Kxg7 17. Bxf3 Ne5 18. Qxe6 Nxf3+ 19. gxf3 Bxc3 20. bxc3 Qg5+
21. Qg4 Qe5 22. Rab1 Rf7 23. Rfd1 h5 24. Qg3 Qxc3 25. Rd6 Qxf3 26. Rxg6+ Kh7
27. Qxf3 Rxf3 28. Rg5 Kh6 29. Rxc5 Rg8+ 30. Kf1 Rg6 31. Rxb7 Rh3 32. a5 Rxh2
33. Rb6 Rh1+ 34. Ke2 h4 35. Rc8 h3 36. Kf3 Rc1 37. Rxg6+ Kxg6 38. Kg3 Rc3+ 39.
f3 h2 40. Kxh2 Rxf3 41. Rc6+ Kg5 42. Rxa6 Rc3 43. Rc6 Kf4 44. a6 Kxe4 45. Rc8
Ra3 46. Ra8 Kd4 47. a7 1-0

[Event "Aut_chT1112"]
[Site "Jenbach"]
[Date "2012.04.21"]
[Round "10"]
[Board "6"]
[White "Abel, Dennes"]
[Black "Lehner, Oliver"]
[Result "1/2-1/2"]
[WhiteElo "2427"]
[BlackElo "2453"]
[PlyCount "90"]
[EventDate "2012.01.20"]
[EventType "team"]
[EventRounds "11"]
[EventCountry "AUT"]
[WhiteTeam "ASVOE Wulkaprodersdorf"]
[BlackTeam "SK Sparkasse Jenbach"]

1. e4 e5 2. Nf3 Nc6 3. d4 exd4 4. Nxd4 Nf6 5. Nc3 Bb4 6. Nxc6 bxc6 7. Bd3 d5 8.
exd5 cxd5 9. O-O O-O 10. Bg5 c6 11. Qf3 Be7 12. h3 Nd7 13. Bf4 Nc5 14. Rfe1 Bd6
15. Ne2 Ne6 16. Bxd6 Qxd6 17. Qf5 g6 18. Qf6 c5 19. c4 Bb7 20. Rad1 d4 21. Ng3
Qf4 22. Qe7 Rab8 23. Ne4 Bxe4 24. Rxe4 Qh6 25. b3 a5 26. Be2 Rfe8 27. Qd6 Qf8
28. Qg3 Ng7 29. Bf3 Rxe4 30. Bxe4 Re8 31. Bc6 Re7 32. Qg5 Nf5 33. g4 Qd8 34.
Kg2 Qd6 35. Bd5 h6 36. Qd2 Nh4+ 37. Kg1 Kg7 38. Qxa5 Re2 39. Re1 Qe5 40. Kf1 d3
41. Qd2 Rxe1+ 42. Qxe1 Qd4 43. Qe7 Qa1+ 44. Qe1 Qd4 45. Qe7 Qa1+ 1/2-1/2

[Event "Aut_chT1112"]
[Site "Jenbach"]
[Date "2012.04.21"]
[Round "10"]
[Board "1"]
[White "Balogh, Csaba"]
[Black "Baramidze, David"]
[Result "1/2-1/2"]
[WhiteElo "2664"]
[BlackElo "2612"]
[PlyCount "198"]
[EventDate "2012.01.20"]
[EventType "team"]
[EventRounds "11"]
[EventCountry "AUT"]
[WhiteTeam "SK Advisory Invest Baden"]
[BlackTeam "SK Hohenems"]

1. e4 e5 2. Nf3 Nc6 3. Bb5 a6 4. Ba4 Nf6 5. O-O Be7 6. d3 b5 7. Bb3 d6 8. a4
Bd7 9. c3 O-O 10. Nbd2 Na5 11. Bc2 c5 12. Re1 Re8 13. Nf1 h6 14. h3 Bf8 15. Ne3
Nc6 16. Nh2 Be6 17. Bb3 Qd7 18. Bxe6 fxe6 19. Nhg4 Nxg4 20. Nxg4 Kh8 21. Re3
Rad8 22. Rg3 Qf7 23. axb5 axb5 24. Qb3 Rb8 25. Be3 Be7 26. Ra6 Rec8 27. Rf3 Qg8
28. Qd1 Ra8 29. Rb6 Rab8 30. Ra6 Ra8 31. Rb6 Rab8 32. Rxb8 Rxb8 33. d4 exd4 34.
cxd4 c4 35. Rg3 Qf7 36. d5 Ne5 37. Nxe5 dxe5 38. d6 Rd8 39. Bc5 Bf8 40. Ra3 Qb7
41. Qg4 b4 42. Ra7 Qb5 43. Be3 Qe8 44. Rc7 c3 45. bxc3 bxc3 46. Kh2 Rxd6 47.
Rxc3 Be7 48. Rb3 Bf6 49. Rb7 Kh7 50. Qe2 Qc6 51. Rb6 Qc7 52. Rb4 Rc6 53. Ra4
Qc8 54. Qb5 Kg6 55. Ra7 Rc4 56. Ra4 Rxa4 57. Qxa4 Kh7 58. g3 Qc3 59. Qd1 Qc6
60. Qg4 Qe8 61. h4 h5 62. Qf3 Qg6 63. Bd2 Be7 64. Bc3 Bf6 65. Qe2 Qf7 66. Kg2
Kg6 67. Qb5 Qc7 68. Qe8+ Qf7 69. Qb8 Kh7 70. Bxe5 Qg6 71. Kf3 Be7 72. Qc7 Qf7+
73. Ke3 Kg6 74. Bd6 Bf6 75. Qc2 Bd8 76. Qc6 Kh7 77. Bc5 Qf6 78. Bb6 Be7 79. Bd4
e5 80. Qxf6 gxf6 81. Bb6 Kg6 82. Kd3 f5 83. f3 Bb4 84. Bf2 Kf6 85. Kc4 Bd2 86.
Kd5 f4 87. gxf4 Bxf4 88. Bb6 Ke7 89. Bc7 Kf6 90. Bd8+ Kf7 91. Kd6 Bg3 92. Bg5
Bh2 93. Kd7 Bg3 94. Kd6 Bh2 95. Kd5 Bg3 96. Bd8 Bf4 97. Kd6 Bg3 98. Bg5 Bh2 99.
Kd5 Bg3 1/2-1/2

[Event "Aut_chT1112"]
[Site "Jenbach"]
[Date "2012.04.21"]
[Round "10"]
[Board "2"]
[White "Rozentalis, Eduardas"]
[Black "Socko, Bartosz"]
[Result "1/2-1/2"]
[WhiteElo "2601"]
[BlackElo "2647"]
[PlyCount "110"]
[EventDate "2012.01.20"]
[EventType "team"]
[EventRounds "11"]
[EventCountry "AUT"]
[WhiteTeam "SK Hohenems"]
[BlackTeam "SK Advisory Invest Baden"]

1. e4 c5 2. c3 d5 3. exd5 Qxd5 4. d4 Nf6 5. Nf3 e6 6. a3 Nc6 7. Bd3 Be7 8. O-O
O-O 9. Re1 Rd8 10. Be3 e5 11. c4 Qd6 12. d5 e4 13. Bxe4 Nxe4 14. Qc2 Qg6 15.
dxc6 Bh3 16. g3 Qxc6 17. Ne5 Nd2 18. Nxc6 Nf3+ 19. Kh1 Bg2+ 20. Kxg2 Nxe1+ 21.
Kh3 Nxc2 22. Nxe7+ Kf8 23. Bxc5 Nxa1 24. Nc6+ Ke8 25. Nxd8 Kxd8 26. Nd2 Nc2 27.
Bf8 g6 28. Ne4 Kd7 29. Bg7 Rc8 30. c5 f5 31. Ng5 Kc6 32. Kh4 Rc7 33. Be5 Rd7
34. Nf3 Rd3 35. Ng5 Nd4 36. Bg7 Kxc5 37. f4 Nf3+ 38. Nxf3 Rxf3 39. Kg5 Rf2 40.
h4 Rg2 41. Kh6 Rxg3 42. Kxh7 Rg4 43. Bf6 Rxf4 44. Kxg6 Rf1 45. h5 f4 46. h6 f3
47. h7 Rh1 48. Bg5 Rxh7 49. Be3+ Kc4 50. Kxh7 a5 51. Kg6 Kb3 52. Bd4 Kc4 53.
Bb6 Kb3 54. Bd4 Kc4 55. Bb6 Kb3 1/2-1/2

[Event "Aut_chT1112"]
[Site "Jenbach"]
[Date "2012.04.21"]
[Round "10"]
[Board "3"]
[White "Jankovic, Alojzije"]
[Black "Naumann, Alexander"]
[Result "1/2-1/2"]
[WhiteElo "2553"]
[BlackElo "2541"]
[PlyCount "49"]
[EventDate "2012.01.20"]
[EventType "team"]
[EventRounds "11"]
[EventCountry "AUT"]
[WhiteTeam "SK Advisory Invest Baden"]
[BlackTeam "SK Hohenems"]

1. d4 Nf6 2. c4 g6 3. Nf3 Bg7 4. Nc3 d5 5. Bf4 O-O 6. Rc1 dxc4 7. e4 Nh5 8. Be3
Bg4 9. Bxc4 Bxf3 10. gxf3 e5 11. dxe5 Bxe5 12. Qxd8 Rxd8 13. Ne2 Nc6 14. O-O
Nd4 15. Nxd4 Bxd4 16. b4 Be5 17. b5 Nf4 18. Rfd1 b6 19. Kf1 Kf8 20. a4 Ke7 21.
Bd2 f6 22. Bb4+ Bd6 23. Bd2 Be5 24. Bb4+ Bd6 25. Bd2 1/2-1/2

[Event "Aut_chT1112"]
[Site "Jenbach"]
[Date "2012.04.21"]
[Round "10"]
[Board "4"]
[White "Atlas, Valery"]
[Black "Shengelia, David"]
[Result "1/2-1/2"]
[WhiteElo "2413"]
[BlackElo "2558"]
[PlyCount "82"]
[EventDate "2012.01.20"]
[EventType "team"]
[EventRounds "11"]
[EventCountry "AUT"]
[WhiteTeam "SK Hohenems"]
[BlackTeam "SK Advisory Invest Baden"]

1. e4 g6 2. d4 Bg7 3. Nc3 d6 4. Be3 a6 5. a4 Nc6 6. h3 e5 7. dxe5 Nxe5 8. Nf3
Nxf3+ 9. Qxf3 Be6 10. Be2 Ne7 11. Bg5 O-O 12. Bf6 Bxf6 13. Qxf6 Nc6 14. Qxd8
Raxd8 15. O-O-O Nb4 16. Rd4 c5 17. Rd2 d5 18. exd5 Nxd5 19. Ne4 Nf4 20. Bf3
Rxd2 21. Kxd2 Rd8+ 22. Kc1 b6 23. Rd1 Rxd1+ 24. Kxd1 a5 25. h4 h6 26. g3 Nd5
27. Nd6 Nb4 28. Kd2 Kf8 29. Be2 Ke7 30. Nc4 Bxc4 31. Bxc4 g5 32. c3 Nc6 33. Ke3
f5 34. hxg5 hxg5 35. f4 g4 36. Bd5 Nb8 37. Kd3 Nd7 38. Bb7 Kd8 39. Bd5 Ke7 40.
Bb7 Kd8 41. Bd5 Ke7 1/2-1/2

[Event "Aut_chT1112"]
[Site "Jenbach"]
[Date "2012.04.21"]
[Round "10"]
[Board "5"]
[White "Siebrecht, Sebastian"]
[Black "Novkovic, Milan"]
[Result "1-0"]
[WhiteElo "2463"]
[BlackElo "2381"]
[PlyCount "75"]
[EventDate "2012.01.20"]
[EventType "team"]
[EventRounds "11"]
[EventCountry "AUT"]
[WhiteTeam "SK Advisory Invest Baden"]
[BlackTeam "SK Hohenems"]

1. c4 e6 2. d4 d5 3. Nc3 Nf6 4. cxd5 exd5 5. Bg5 Be7 6. e3 c6 7. Qc2 Nbd7 8.
Bd3 O-O 9. Nge2 Re8 10. O-O Nf8 11. Rae1 Nh5 12. Bxe7 Qxe7 13. Qb1 Qg5 14. b4
Re6 15. f4 Qe7 16. e4 dxe4 17. Nxe4 Nf6 18. N2g3 Nxe4 19. Nxe4 Rh6 20. f5 a5
21. b5 Qd8 22. Qb2 cxb5 23. Bxb5 Bd7 24. Bc4 Bc6 25. g3 b5 26. Bb3 a4 27. Bd1
Qd5 28. Bf3 Rd8 29. Nf6+ Rxf6 30. Bxd5 Rxd5 31. Re5 Rd8 32. d5 Rxd5 33. Rxd5
Bxd5 34. Qxb5 Bxa2 35. Re1 g6 36. Re8 Kg7 37. Qxa4 Bd5 38. Qd4 1-0

[Event "Aut_chT1112"]
[Site "Jenbach"]
[Date "2012.04.21"]
[Round "10"]
[Board "6"]
[White "Baldauf, Marco"]
[Black "Schneider, Veronika"]
[Result "1/2-1/2"]
[WhiteElo "2374"]
[BlackElo "2312"]
[PlyCount "120"]
[EventDate "2012.01.20"]
[EventType "team"]
[EventRounds "11"]
[EventCountry "AUT"]
[WhiteTeam "SK Hohenems"]
[BlackTeam "SK Advisory Invest Baden"]

1. d4 Nf6 2. c4 g6 3. Nc3 d5 4. Bf4 Bg7 5. e3 O-O 6. Rc1 Be6 7. Nf3 dxc4 8. Ng5
Bd5 9. Nxd5 Nxd5 10. Bxc4 h6 11. Nh3 c6 12. Bg3 Nd7 13. O-O N7f6 14. Be5 Qd7
15. Qe2 Ne4 16. Rfd1 Rad8 17. f3 Ng5 18. Nf2 Nb6 19. Bb3 Ne6 20. Bg3 Kh7 21.
Nd3 Nd5 22. Ne5 Qe8 23. Kh1 f6 24. Nd3 f5 25. Be5 Bxe5 26. Nxe5 Ng5 27. g3 e6
28. e4 Nc7 29. Rd2 Nf7 30. exf5 gxf5 31. Re1 Nd6 32. a4 Rf6 33. Nd3 Qe7 34. Nf4
Re8 35. Qd3 Qd7 36. Rde2 Nd5 37. Qd2 Nf7 38. Bc2 Nxf4 39. Qxf4 Qd6 40. Qxd6
Nxd6 41. Bb3 Kg7 42. Rxe6 Rfxe6 43. Rxe6 Rxe6 44. Bxe6 Kf6 45. Bb3 f4 46. g4
Kg5 47. Kg2 Kh4 48. Be6 Ne8 49. b4 Nc7 50. Bc8 Nd5 51. b5 cxb5 52. axb5 Nc3 53.
Bd7 Kg5 54. Kf2 Kf6 55. Ke1 Ke7 56. Kd2 Nb1+ 57. Kc2 Na3+ 58. Kb3 Nb1 59. Kc2
Na3+ 60. Kb3 Nb1 1/2-1/2